01138nab a2200241 4500003001000000005001700010008004100027040001400068041000800082100006500090245004800155260003500203300001300238500034600251650001700597650003200614650002600646650003300672773010000705942005800805945001600863999001700879AR-RoBPED20260507114218.0260507b |||||||| |||| 00| 0 spa d aAR-RoBPED aspa1 aVénica, Melina E.930908eProfesora en Lengua y Literatura13aLa lectura literaria en el Nivel Superior / aBuenos Aires :bNoveduc,c2023 a24-27 p. aSe comunica una experiencia de lectura desarrollada desde el año 2020 hasta la fecha, con los estudiantes y docentes de las cuatro carreras (dos de formación docente y dos de formación técnica) del Instituto Superior Particular Incorporado N° 4013 "Padre Joaquín Bonaldo", de la ciudad de Avellaneda, en la provincia de Santa Fe.  7aLECTURA9160 7aFORMACION DE DOCENTES91259 0aNIVEL SUPERIOR928977 7aEXPERIENCIA PEDAGOGICA932650 020414941865dBuenos Aires : Noveduc, 1993-tNovedades Educativasw(AR-RoBPED)20414x03283534 2udccREVh37(05)mNov 86 N° 390 (Sept.2023)ak.32720 amar 05/2026 c32720d32720